|
|
|
|
| LEADER |
00000nab a2200000 a 4500 |
| 001 |
vtls009185402 |
| 003 |
SK-MaSNL |
| 005 |
20260303054441.0 |
| 008 |
080218 2008 xo r r 000 0 slo |
| 038 |
|
|
|a KEVKJB
|
| 040 |
|
|
|a KEVKJB
|b slo
|c KEVKJB
|e AACR2
|
| 041 |
0 |
|
|a slo
|
| 044 |
|
|
|a xo
|c SK
|
| 080 |
|
|
|a 282-051
|2 2001
|
| 080 |
|
|
|a 929 Wick, Vojtech
|2 2001
|
| 080 |
|
|
|a 908(437.672)
|2 2001
|
| 100 |
1 |
|
|a Balassa, Zoltán,
|d 1949-
|4 aut
|9 502859
|
| 245 |
1 |
0 |
|a Prišiel o penziu a hrozilo, že bude z mesta vyhostený
|b život a dielo známeho kňaza a historika približuje kniha Vojtech Wick ako človek, kňaz a historik
|c Zoltán Balassa
|
| 300 |
|
|
|b Obr.
|
| 600 |
1 |
7 |
|a Wick, Vojtech,
|d 1873-1955
|2 kevkjb
|9 196998
|
| 610 |
2 |
7 |
|a Košický občiansky klub (Košice, Slovensko)
|2 kevkjb
|9 58103
|
| 630 |
0 |
7 |
|a Vojtech Wick ako človek, kňaz a historik Wick Béla az ember, pap és történész (kniha)
|2 kevkjb
|9 1043117
|
| 651 |
|
7 |
|a Košice (Slovensko)
|2 kevkjb
|9 18694
|
| 773 |
0 |
|
|t Košický večer
|g Roč. 19(40), č. 7 (15.2.2008), s. 12
|x 1336-5320
|
| 852 |
|
|
|a KEVKJB
|b KIS3GCP
|
| 958 |
|
|
|a BX
|
| 999 |
|
|
|c 1723313
|d 1725243
|